[Event "81Âº Campeonato Brasileiro Absoluto - Fase Final 20"]
[Site "Hotel Cabo Branco AtlÃ¢ntico - Joao Pessoa/PB"]
[Date "2015.01.22"]
[Round "8"]
[Board "2"]
[White "Macedo, Maximo Iack"]
[Black "Leitao, Rafael"]
[Result "0-1"]
[WhiteElo "2323"]
[BlackElo "2636"]
[PlyCount "102"]
[EventDate "2015.01.17"]
[EventRounds "11"]
[EventCountry "BRA"]

1. e4 c5 2. b3 Nc6 3. Bb2 d6 4. Bb5 Bd7 5. f4 Nf6 6. Nc3 e6 7. Nf3 Be7 8. Bxc6
Bxc6 9. Qe2 O-O 10. O-O-O b5 11. e5 Nd5 12. Nxd5 exd5 13. exd6 Bxd6 14. Ne5 Re8
15. Qh5 Bxe5 16. fxe5 d4 17. e6 Rxe6 18. Qxc5 d3 19. Qc3 Rg6 20. Qxd3 Qxd3 21.
cxd3 Bxg2 22. Rhg1 Bh3 23. Rxg6 hxg6 24. Bd4 Bf5 25. Kb2 Bxd3 26. Rc1 a6 27.
Rc6 Be4 28. Rd6 f6 29. Bb6 g5 30. Kc3 Kf7 31. Rd8 Rxd8 32. Bxd8 Ke6 33. Kd4 Bc6
34. Bc7 f5 35. Bd8 g4 36. Bg5 Be8 37. a3 Bd7 38. Ke3 Ke5 39. d4+ Ke6 40. Bd8
Bc6 41. Kf4 Bd5 42. b4 Be4 43. Bc7 Kd5 44. Be5 g6 45. Kg5 Kc4 46. Kxg6 Kb3 47.
d5 Kxa3 48. d6 Bc6 49. Bc3 f4 50. Kf5 g3 51. hxg3 fxg3 0-1

[Event "81Âº Campeonato Brasileiro Absoluto - Fase Final 20"]
[Site "Hotel Cabo Branco AtlÃ¢ntico - Joao Pessoa/PB"]
[Date "2015.01.22"]
[Round "8"]
[Board "4"]
[White "Brito, Luismar"]
[Black "Rodrigues, Edgar"]
[Result "0-1"]
[WhiteElo "2254"]
[BlackElo "2338"]
[PlyCount "44"]
[EventDate "2015.01.17"]
[EventRounds "11"]
[EventCountry "BRA"]

1. e4 c5 2. Nf3 e6 3. d4 cxd4 4. Nxd4 a6 5. Nc3 Qc7 6. Bd3 Bd6 7. h3 Nc6 8. Nf3
Nge7 9. O-O Ng6 10. Re1 O-O 11. Be3 Rb8 12. Qd2 b5 13. Rad1 Nce5 14. Nxe5 Bxe5
15. Nb1 Bb7 16. c3 d5 17. exd5 Bxd5 18. b3 Nh4 19. Bf1 Bf3 20. Bg5 Bxd1 21.
Bxh4 Bh5 22. Qg5 Bg6 0-1

[Event "81Âº Campeonato Brasileiro Absoluto - Fase Final 20"]
[Site "Hotel Cabo Branco AtlÃ¢ntico - Joao Pessoa/PB"]
[Date "2015.01.22"]
[Round "8"]
[Board "5"]
[White "Mekhitarian, Krikor Sevag"]
[Black "Fiaes, Mario Henrique Andrade"]
[Result "1-0"]
[WhiteElo "2565"]
[BlackElo "2151"]
[PlyCount "61"]
[EventDate "2015.01.17"]
[EventRounds "11"]
[EventCountry "BRA"]

1. e4 e5 2. Nf3 Nc6 3. Bb5 a6 4. Ba4 Nf6 5. O-O b5 6. Bb3 d6 7. c3 Be7 8. h3
Na5 9. Bc2 c5 10. d4 Qc7 11. Nbd2 O-O 12. Re1 Bd7 13. Nf1 Rfc8 14. d5 c4 15. g4
Nb7 16. Ng3 g6 17. Kh2 Nc5 18. Rg1 a5 19. g5 Ne8 20. Nh4 Qd8 21. Ngf5 gxf5 22.
exf5 Kh8 23. Qh5 Nf6 24. gxf6 Bxf6 25. Ng6+ fxg6 26. fxg6 Qg8 27. Bh6 Qxd5 28.
g7+ Kg8 29. Bxh7+ Kxh7 30. g8=Q+ Rxg8 31. Bf8# 1-0

[Event "81Âº Campeonato Brasileiro Absoluto - Fase Final 20"]
[Site "Hotel Cabo Branco AtlÃ¢ntico - Joao Pessoa/PB"]
[Date "2015.01.22"]
[Round "8"]
[Board "6"]
[White "Reis, Paulo F. Jatoba De Olivei"]
[Black "Mendonca, Mateus Nakajo"]
[Result "1/2-1/2"]
[WhiteElo "2387"]
[BlackElo "2426"]
[PlyCount "103"]
[EventDate "2015.01.17"]
[EventRounds "11"]
[EventCountry "BRA"]

1. d4 d5 2. c4 e6 3. Nc3 c6 4. e3 Nf6 5. Nf3 Nbd7 6. Bd3 dxc4 7. Bxc4 b5 8. Bd3
Bd6 9. O-O O-O 10. Bd2 Bb7 11. Rc1 Rc8 12. a3 Qe7 13. Qe2 a6 14. e4 e5 15. dxe5
Nxe5 16. Nxe5 Bxe5 17. f4 Bd4+ 18. Be3 Bxe3+ 19. Qxe3 Nd7 20. e5 c5 21. Rcd1
Rcd8 22. Qh3 g6 23. Be4 Bxe4 24. Nxe4 f6 25. Rd6 fxe5 26. Rfd1 Nb6 27. Rxd8
Rxd8 28. Rxd8+ Qxd8 29. Qe6+ Kf8 30. Qxe5 Qd4+ 31. Qxd4 cxd4 32. Nc5 Nc4 33. b3
Nxa3 34. Nxa6 Ke7 35. Kf2 Kd6 36. Ke2 Nc2 37. Kd2 Ne3 38. g3 Nf1+ 39. Kd3 Nxh2
40. Kxd4 h5 41. Ke3 Nf1+ 42. Kf2 Nd2 43. b4 Kd5 44. g4 Ne4+ 45. Kf3 Nd6 46.
gxh5 gxh5 47. Kg3 Nf5+ 48. Kf3 Kc4 49. Kg2 Kc3 50. Kf3 Nd4+ 51. Kg3 Ne2+ 52.
Kf3 1/2-1/2

[Event "81Âº Campeonato Brasileiro Absoluto - Fase Final 20"]
[Site "Hotel Cabo Branco AtlÃ¢ntico - Joao Pessoa/PB"]
[Date "2015.01.23"]
[Round "9"]
[Board "1"]
[White "Mendonca, Mateus Nakajo"]
[Black "Umetsubo, Cesar Hidemitsu"]
[Result "1/2-1/2"]
[WhiteElo "2426"]
[BlackElo "2311"]
[PlyCount "110"]
[EventDate "2015.01.17"]
[EventRounds "11"]
[EventCountry "BRA"]

1. d4 Nf6 2. c4 e6 3. Nc3 d5 4. cxd5 exd5 5. Bg5 c6 6. Qc2 Na6 7. a3 Nc7 8. e3
Ne6 9. Bh4 Be7 10. Bd3 g6 11. Nge2 O-O 12. O-O Re8 13. b4 a6 14. Rab1 Ng7 15.
a4 Bf5 16. b5 axb5 17. axb5 Bxd3 18. Qxd3 Ra3 19. Qc2 Nf5 20. Bxf6 Bxf6 21. Ra1
Qe7 22. Rxa3 Qxa3 23. bxc6 bxc6 24. Qa4 Qd6 25. Rb1 Bg5 26. Rb6 Rc8 27. Qa6 Qd7
28. h3 c5 29. dxc5 Rxc5 30. Qd3 Qc7 31. Rb5 Ne7 32. Rb3 Bf6 33. Nb5 Qa5 34. Qb1
Qd2 35. Kf1 Nf5 36. Rd3 Qa5 37. Nbd4 Bxd4 38. Nxd4 Qc7 39. Rd1 Nxd4 40. exd4
Rc4 41. Qb5 Qc6 42. Qb8+ Qc8 43. Qxc8+ Rxc8 44. Ke2 Kf8 45. Ke3 Ke7 46. Ra1 Rc6
47. Kf4 Kf6 48. Ra5 Rd6 49. h4 h6 50. g3 Kg7 51. Ra8 Kf6 52. f3 Rb6 53. Rd8 Ke6
54. Re8+ Kd7 55. Rh8 Rf6+ 1/2-1/2

[Event "81Âº Campeonato Brasileiro Absoluto - Fase Final 20"]
[Site "Hotel Cabo Branco AtlÃ¢ntico - Joao Pessoa/PB"]
[Date "2015.01.23"]
[Round "9"]
[Board "2"]
[White "Fiaes, Mario Henrique Andrade"]
[Black "Reis, Paulo F. Jatoba De Olivei"]
[Result "0-1"]
[WhiteElo "2151"]
[BlackElo "2387"]
[PlyCount "72"]
[EventDate "2015.01.17"]
[EventRounds "11"]
[EventCountry "BRA"]

1. d4 Nf6 2. Nf3 g6 3. g3 Bg7 4. Bg2 O-O 5. O-O d6 6. c4 Nc6 7. Nc3 a6 8. Re1
Rb8 9. a4 a5 10. h3 Nd7 11. e4 e5 12. d5 Nb4 13. Na2 Na6 14. Bd2 c6 15. b4 cxd5
16. cxd5 axb4 17. Nxb4 Ndc5 18. Bf1 Bd7 19. a5 f5 20. Nxa6 bxa6 21. Bg5 Bf6 22.
Bh6 Rf7 23. Nd2 Bg5 24. Bxg5 Qxg5 25. exf5 gxf5 26. Nc4 Qh6 27. Rc1 e4 28. Ne5
Rg7 29. Nc6 Rf8 30. Rc3 f4 31. Kh2 e3 32. Rcxe3 fxe3 33. fxe3 Rxf1 34. h4 Rf2+
35. Kg1 Ne4 36. Kh1 Nxg3+ 0-1

[Event "81Âº Campeonato Brasileiro Absoluto - Fase Final 20"]
[Site "Hotel Cabo Branco AtlÃ¢ntico - Joao Pessoa/PB"]
[Date "2015.01.23"]
[Round "9"]
[Board "3"]
[White "Rodrigues, Edgar"]
[Black "Mekhitarian, Krikor Sevag"]
[Result "1/2-1/2"]
[WhiteElo "2338"]
[BlackElo "2565"]
[PlyCount "60"]
[EventDate "2015.01.17"]
[EventRounds "11"]
[EventCountry "BRA"]

1. d4 Nf6 2. c4 g6 3. Nc3 d5 4. cxd5 Nxd5 5. e4 Nxc3 6. bxc3 Bg7 7. Bc4 c5 8.
Ne2 O-O 9. O-O Nc6 10. Be3 Bg4 11. f3 Bd7 12. Rc1 Qc7 13. Qd2 Rad8 14. Kh1 Bc8
15. Qe1 b6 16. Qh4 Na5 17. Bd3 e5 18. f4 exd4 19. cxd4 f5 20. exf5 gxf5 21. Rf3
c4 22. Rh3 Bf6 23. Bxc4+ Nxc4 24. Rxc4 Qf7 25. Qh6 Bb7 26. Ng3 Qg6 27. Rc7 Rfe8
28. Bf2 Bxd4 29. Qxh7+ Qxh7 30. Rhxh7 Bxf2 1/2-1/2

[Event "81Âº Campeonato Brasileiro Absoluto - Fase Final 20"]
[Site "Hotel Cabo Branco AtlÃ¢ntico - Joao Pessoa/PB"]
[Date "2015.01.23"]
[Round "9"]
[Board "4"]
[White "Cavalcanti, Francisco De Assis"]
[Black "Brito, Luismar"]
[Result "1/2-1/2"]
[WhiteElo "2151"]
[BlackElo "2254"]
[PlyCount "27"]
[EventDate "2015.01.17"]
[EventRounds "11"]
[EventCountry "BRA"]

1. e4 c5 2. Nf3 d6 3. d4 cxd4 4. Nxd4 Nf6 5. Nc3 a6 6. Bc4 e6 7. Bb3 Be7 8. O-O
O-O 9. f4 Nc6 10. Kh1 Qc7 11. f5 Nxd4 12. Qxd4 Bd7 13. Bg5 Rad8 14. Rad1
 1/2-1/2

[Event "81Âº Campeonato Brasileiro Absoluto - Fase Final 20"]
[Site "Hotel Cabo Branco AtlÃ¢ntico - Joao Pessoa/PB"]
[Date "2015.01.23"]
[Round "9"]
[Board "5"]
[White "Leitao, Rafael"]
[Black "Andrade, Roberto Luiz Costa"]
[Result "1-0"]
[WhiteElo "2636"]
[BlackElo "2216"]
[PlyCount "61"]
[EventDate "2015.01.17"]
[EventRounds "11"]
[EventCountry "BRA"]

1. d4 d5 2. c4 c6 3. Nf3 Nf6 4. e3 Bf5 5. Nc3 e6 6. Nh4 Be4 7. f3 Bg6 8. Qb3
Qb6 9. Nxg6 hxg6 10. Bd2 Nbd7 11. O-O-O O-O-O 12. Qc2 Kb8 13. c5 Qc7 14. Be1
Rxh2 15. Rxh2 Qxh2 16. Ne2 Qc7 17. Bg3 e5 18. Nf4 Nh5 19. Nxh5 gxh5 20. Qf5 f6
21. Qxh5 Ka8 22. Kb1 Qa5 23. Qf5 Nb8 24. Qc2 exd4 25. exd4 Re8 26. Bd3 Na6 27.
a3 Nb8 28. Bg6 Re3 29. Rh1 Qd8 30. Rh8 Nd7 31. Bd6 1-0

[Event "81Âº Campeonato Brasileiro Absoluto - Fase Final 20"]
[Site "Hotel Cabo Branco AtlÃ¢ntico - Joao Pessoa/PB"]
[Date "2015.01.23"]
[Round "9"]
[Board "6"]
[White "El Debs, Felipe De Cresce"]
[Black "Macedo, Maximo Iack"]
[Result "1-0"]
[WhiteElo "2512"]
[BlackElo "2323"]
[PlyCount "77"]
[EventDate "2015.01.17"]
[EventRounds "11"]
[EventCountry "BRA"]

1. d4 e6 2. c4 Nf6 3. Nc3 Bb4 4. e3 O-O 5. Nge2 d5 6. a3 Bd6 7. Ng3 c6 8. Be2
e5 9. O-O a6 10. b4 e4 11. cxd5 cxd5 12. f3 Nc6 13. fxe4 Bxg3 14. exd5 Nxd5 15.
Nxd5 Bxh2+ 16. Kxh2 Qxd5 17. Bf3 Qd6+ 18. Kg1 f5 19. Qb3+ Kh8 20. Bb2 Bd7 21.
Rac1 Rae8 22. Rc5 Rf6 23. Bxc6 bxc6 24. Re5 Ref8 25. Qc4 Be6 26. Qxa6 Bd5 27.
Qa7 Rg6 28. Rf2 Bxg2 29. Rxg2 Rxg2+ 30. Kxg2 Qg6+ 31. Kf1 f4 32. Qc5 Rf6 33.
Re6 fxe3+ 34. Rxf6 Qxf6+ 35. Ke2 Qf2+ 36. Kd3 e2 37. Bc3 Qf3+ 38. Kc2 Qf1 39.
Qe5 1-0

[Event "81Âº Campeonato Brasileiro Absoluto - Fase Final 20"]
[Site "Hotel Cabo Branco AtlÃ¢ntico - Joao Pessoa/PB"]
[Date "2015.01.24"]
[Round "10"]
[Board "1"]
[White "Umetsubo, Cesar Hidemitsu"]
[Black "Macedo, Maximo Iack"]
[Result "1-0"]
[WhiteElo "2311"]
[BlackElo "2323"]
[PlyCount "103"]
[EventDate "2015.01.17"]
[EventRounds "11"]
[EventCountry "BRA"]

1. e4 e5 2. Nf3 Nc6 3. Nc3 g6 4. Bb5 Bg7 5. d3 Nge7 6. Bg5 h6 7. Be3 a6 8. Ba4
O-O 9. d4 exd4 10. Nxd4 d6 11. Bb3 Na5 12. Nde2 Nxb3 13. axb3 f5 14. Bd4 Nc6
15. Bxg7 Kxg7 16. O-O f4 17. f3 Ne5 18. Nd5 g5 19. Qd4 Be6 20. c4 Kh7 21. Rad1
Bxd5 22. Qxd5 Qb8 23. c5 Qa7 24. b4 Rfe8 25. Nd4 dxc5 26. Ne6 cxb4+ 27. Kh1 Qb6
28. Qxe5 Qxe6 29. Qxc7+ Re7 30. Qc5 a5 31. Rd6 Qe5 32. Rd5 Qg7 33. e5 b3 34.
Re1 Ra6 35. h3 a4 36. Qc8 Rae6 37. Qc3 Qg6 38. Re4 Qe8 39. Qd3 Kg7 40. Qd4 b5
41. Re1 Qc6 42. Rc5 Qb6 43. Qb4 Qd8 44. Rxb5 Rd7 45. Qxa4 Rd1 46. Rb7+ Kg6 47.
Qe4+ Kh5 48. g4+ Kh4 49. Qe2 Qd2 50. Qxd1 Qxd1 51. Rxd1 Rxe5 52. Rxb3 1-0

[Event "81Âº Campeonato Brasileiro Absoluto - Fase Final 20"]
[Site "Hotel Cabo Branco AtlÃ¢ntico - Joao Pessoa/PB"]
[Date "2015.01.24"]
[Round "10"]
[Board "2"]
[White "Andrade, Roberto Luiz Costa"]
[Black "El Debs, Felipe De Cresce"]
[Result "0-1"]
[WhiteElo "2216"]
[BlackElo "2512"]
[PlyCount "70"]
[EventDate "2015.01.17"]
[EventRounds "11"]
[EventCountry "BRA"]

1. e4 c5 2. Nf3 g6 3. d4 cxd4 4. Qxd4 Nf6 5. Nc3 Nc6 6. Qa4 d6 7. e5 dxe5 8.
Nxe5 Bd7 9. Nxd7 Nxd7 10. Bb5 Bg7 11. Bxc6 bxc6 12. O-O O-O 13. Bg5 Re8 14.
Rad1 Qc7 15. Qh4 Nc5 16. Rfe1 Ne6 17. Bc1 Rad8 18. Qc4 Rxd1 19. Rxd1 Rd8 20.
Rxd8+ Qxd8 21. Qe2 Bxc3 22. bxc3 Qd5 23. a3 f5 24. h4 Kf7 25. Qd3 Qb5 26. h5 g5
27. g4 Qxd3 28. cxd3 fxg4 29. Be3 a6 30. Kh2 Kf6 31. Kg3 Kf5 32. d4 Nf4 33. c4
Nxh5+ 34. Kh2 e6 35. Bd2 Nf4 0-1

[Event "81Âº Campeonato Brasileiro Absoluto - Fase Final 20"]
[Site "Hotel Cabo Branco AtlÃ¢ntico - Joao Pessoa/PB"]
[Date "2015.01.24"]
[Round "10"]
[Board "3"]
[White "Brito, Luismar"]
[Black "Leitao, Rafael"]
[Result "1/2-1/2"]
[WhiteElo "2254"]
[BlackElo "2636"]
[PlyCount "63"]
[EventDate "2015.01.17"]
[EventRounds "11"]
[EventCountry "BRA"]

1. e4 c5 2. Nf3 e6 3. d4 cxd4 4. Nxd4 Nc6 5. Nxc6 bxc6 6. Bd3 Nf6 7. Qf3 d5 8.
Nd2 Be7 9. O-O O-O 10. Re1 Nd7 11. exd5 cxd5 12. Nb3 Bf6 13. Qh3 g6 14. c4 Ne5
15. cxd5 exd5 16. Qg3 Nxd3 17. Qxd3 Bf5 18. Qe2 d4 19. Bh6 Re8 20. Qd2 Qb6 21.
Rxe8+ Rxe8 22. Re1 Rxe1+ 23. Qxe1 Qd8 24. h3 g5 25. Qc1 d3 26. Qc5 Bg6 27. Nd2
a5 28. b3 Be7 29. Qe3 f6 30. h4 gxh4 31. Qf4 Qc8 32. Qxh4 1/2-1/2

[Event "81Âº Campeonato Brasileiro Absoluto - Fase Final 20"]
[Site "Hotel Cabo Branco AtlÃ¢ntico - Joao Pessoa/PB"]
[Date "2015.01.24"]
[Round "10"]
[Board "4"]
[White "Mekhitarian, Krikor Sevag"]
[Black "Cavalcanti, Francisco De Assis"]
[Result "1-0"]
[WhiteElo "2565"]
[BlackElo "2151"]
[PlyCount "65"]
[EventDate "2015.01.17"]
[EventRounds "11"]
[EventCountry "BRA"]

1. e4 e6 2. d4 d5 3. Nc3 Nf6 4. e5 Nfd7 5. f4 c5 6. Nf3 Nc6 7. Be3 a6 8. Qd2
Qc7 9. Be2 Be7 10. O-O O-O 11. Nd1 b5 12. c3 b4 13. Bf2 Qa5 14. Rc1 bxc3 15.
Nxc3 Nxd4 16. Nxd4 cxd4 17. Bxd4 f5 18. g4 Bb7 19. gxf5 exf5 20. Bf3 Nc5 21.
Rfd1 Ne6 22. Be3 Kh8 23. Nxd5 Qxd2 24. Rxd2 g5 25. Bg2 Bd8 26. fxg5 f4 27. Nxf4
Bxg5 28. Bxb7 Rab8 29. Bxa6 Nxf4 30. Kh1 Rbd8 31. Rxd8 Rxd8 32. h4 Bh6 33. Rf1
 1-0

[Event "81Âº Campeonato Brasileiro Absoluto - Fase Final 20"]
[Site "Hotel Cabo Branco AtlÃ¢ntico - Joao Pessoa/PB"]
[Date "2015.01.24"]
[Round "10"]
[Board "5"]
[White "Reis, Paulo F. Jatoba De Olivei"]
[Black "Rodrigues, Edgar"]
[Result "0-1"]
[WhiteElo "2387"]
[BlackElo "2338"]
[PlyCount "102"]
[EventDate "2015.01.17"]
[EventRounds "11"]
[EventCountry "BRA"]

1. d4 d5 2. c4 e6 3. Nc3 c6 4. e3 Nf6 5. Nf3 Nbd7 6. Bd3 dxc4 7. Bxc4 b5 8. Bd3
a6 9. a4 b4 10. Ne4 c5 11. dxc5 Nxc5 12. Nxc5 Bxc5 13. O-O Bb7 14. Qe2 Qb6 15.
Ne5 O-O 16. e4 Bd4 17. Nf3 Rfd8 18. Bg5 h6 19. Bh4 g5 20. Bg3 Nh5 21. Nxd4 Nxg3
22. hxg3 Rxd4 23. b3 Rad8 24. Rad1 a5 25. Rfe1 Qd6 26. Bc2 Qe5 27. Kh2 Kg7 28.
Rxd4 Rxd4 29. Rd1 Rxd1 30. Qxd1 Bc6 31. Qe2 Qc5 32. Bd3 Qd4 33. Qc2 Bb7 34. f3
Kf6 35. Bb5 Qc3 36. Qd1 Qc7 37. Qd4+ Ke7 38. Qh8 h5 39. Qxh5 Qe5 40. Bc4 Qf6
41. Kh3 Bc8 42. Qh7 Kf8 43. Kg4 Qb2 44. Kxg5 Qxg2 45. Qh8+ Ke7 46. Qf6+ Kf8 47.
Qd8+ Kg7 48. Qf6+ Kh7 49. Kf4 Qh1 50. Qd8 Qc1+ 51. Kg4 f5+ 0-1

[Event "81Âº Campeonato Brasileiro Absoluto - Fase Final 20"]
[Site "Hotel Cabo Branco AtlÃ¢ntico - Joao Pessoa/PB"]
[Date "2015.01.24"]
[Round "10"]
[Board "6"]
[White "Mendonca, Mateus Nakajo"]
[Black "Fiaes, Mario Henrique Andrade"]
[Result "1-0"]
[WhiteElo "2426"]
[BlackElo "2151"]
[PlyCount "95"]
[EventDate "2015.01.17"]
[EventRounds "11"]
[EventCountry "BRA"]

1. d4 Nf6 2. Nf3 e6 3. g3 b6 4. Bg2 Bb7 5. O-O Be7 6. c4 O-O 7. Nc3 Ne4 8. Qc2
Nxc3 9. Qxc3 d6 10. Re1 Be4 11. b3 Nd7 12. Bb2 Rc8 13. Rad1 Bf6 14. Qe3 Bc2 15.
Rd2 Bg6 16. Red1 Re8 17. Ne5 Bg5 18. f4 Nxe5 19. dxe5 Be7 20. Ba3 d5 21. Bxe7
Qxe7 22. cxd5 exd5 23. Bxd5 Rcd8 24. g4 h5 25. f5 Bh7 26. e6 Kh8 27. Bc6 fxe6
28. Bxe8 Rxe8 29. fxe6 Qh4 30. Qg3 Qg5 31. Rd5 Qf6 32. Qe5 Qg6 33. Qxh5 Qxh5
34. Rxh5 Kg8 35. Re5 c5 36. h4 Rc8 37. h5 b5 38. Rxc5 Re8 39. Re5 Kf8 40. Rd7
Bb1 41. g5 a6 42. h6 gxh6 43. gxh6 Kg8 44. Rg5+ Kh8 45. Rgg7 Bf5 46. Rdf7 Rg8
47. Rxg8+ Kxg8 48. Rxf5 1-0

[Event "81Âº Campeonato Brasileiro Absoluto - Fase Final 20"]
[Site "Hotel Cabo Branco AtlÃ¢ntico - Joao Pessoa/PB"]
[Date "2015.01.25"]
[Round "11"]
[Board "1"]
[White "Fiaes, Mario Henrique Andrade"]
[Black "Umetsubo, Cesar Hidemitsu"]
[Result "0-1"]
[WhiteElo "2151"]
[BlackElo "2311"]
[PlyCount "102"]
[EventDate "2015.01.17"]
[EventRounds "11"]
[EventCountry "BRA"]

1. d4 Nf6 2. c4 e6 3. Nf3 d5 4. Nc3 Be7 5. Bf4 O-O 6. e3 Nbd7 7. c5 c6 8. Bd3
b6 9. b4 a5 10. a3 Ba6 11. Bxa6 Rxa6 12. b5 cxb5 13. c6 Qc8 14. c7 b4 15. Nb5
bxa3 16. O-O Nh5 17. Bg5 f6 18. Bh4 g6 19. Qc2 Qb7 20. Rfc1 Rc8 21. g4 Ng7 22.
Bg3 Ne8 23. Kg2 a4 24. h4 Ra5 25. Rab1 Qa6 26. Qc6 Nf8 27. g5 a2 28. Rb2 a3 29.
Rb3 Ra4 30. Nd2 Qa5 31. Nc3 Rb4 32. gxf6 Bxf6 33. Nxa2 Rxb3 34. Nxb3 Qa7 35.
Nc3 Nxc7 36. Nxd5 exd5 37. Bxc7 Kg7 38. Qd6 a2 39. Kh3 Qa4 40. Rc6 Bxd4 41.
Qe7+ Kg8 42. Nxd4 a1=Q 43. Be5 Qa7 44. Qf6 Qh1+ 45. Kg3 Qg1+ 46. Kh3 Qh1+ 47.
Kg3 Qg1+ 48. Kh3 Qd7+ 49. Ne6 Nxe6 50. Rxe6 Qxf2 51. Bf4 Qf3+ 0-1

[Event "81Âº Campeonato Brasileiro Absoluto - Fase Final 20"]
[Site "Hotel Cabo Branco AtlÃ¢ntico - Joao Pessoa/PB"]
[Date "2015.01.25"]
[Round "11"]
[Board "2"]
[White "Rodrigues, Edgar"]
[Black "Mendonca, Mateus Nakajo"]
[Result "0-1"]
[WhiteElo "2338"]
[BlackElo "2426"]
[PlyCount "112"]
[EventDate "2015.01.17"]
[EventRounds "11"]
[EventCountry "BRA"]

1. e4 e6 2. d4 d5 3. e5 c5 4. c3 Nc6 5. Nf3 Bd7 6. Bd3 cxd4 7. cxd4 Qb6 8. O-O
Nxd4 9. Nxd4 Qxd4 10. Nc3 a6 11. Qe2 Qb6 12. Qg4 Ne7 13. Kh1 Nc6 14. f4 O-O-O
15. Qe2 d4 16. Na4 Qa7 17. Bd2 Nb4 18. Bxb4 Bxb4 19. Qc2+ Kb8 20. Qb3 Be7 21.
Nb6 Bb5 22. Nc4 Bxc4 23. Bxc4 g6 24. Bd3 Bc5 25. Rac1 Qb6 26. Qd1 Rd7 27. Qf3
Rc8 28. Be4 Rcc7 29. Rcd1 Qxb2 30. Rd3 Qxa2 31. Rb3 a5 32. Bc6 Rxc6 33. Qxc6
Qxb3 34. Qxd7 Ka7 35. h4 Bb6 36. Kh2 Qc4 37. Rf3 Qc7 38. Qb5 Qc6 39. Qb1 a4 40.
h5 Bc5 41. Qe1 Qb5 42. Qg3 Qa5 43. Rf1 a3 44. Qb3 Qb4 45. Qc2 Bb6 46. Rb1 d3
47. Qxd3 Qxf4+ 48. g3 Qf2+ 49. Kh1 Qe3 50. Qb5 Qd4 51. Qb3 Qd5+ 52. Qxd5 exd5
53. h6 Bd4 54. Rb4 Bb2 55. Kg2 Ka6 56. Kf1 b5 0-1

[Event "81Âº Campeonato Brasileiro Absoluto - Fase Final 20"]
[Site "Hotel Cabo Branco AtlÃ¢ntico - Joao Pessoa/PB"]
[Date "2015.01.25"]
[Round "11"]
[Board "4"]
[White "Leitao, Rafael"]
[Black "Mekhitarian, Krikor Sevag"]
[Result "1/2-1/2"]
[WhiteElo "2636"]
[BlackElo "2565"]
[PlyCount "62"]
[EventDate "2015.01.17"]
[EventRounds "11"]
[EventCountry "BRA"]

1. d4 Nf6 2. c4 g6 3. Nc3 d5 4. Bf4 Bg7 5. e3 O-O 6. Rc1 Be6 7. c5 c6 8. Bd3
Re8 9. h3 Bc8 10. Nf3 Nfd7 11. O-O e5 12. Nxe5 Nxe5 13. Bxe5 Bxe5 14. dxe5 Nd7
15. e4 d4 16. Ne2 Nxe5 17. f4 Nxd3 18. Qxd3 Qe7 19. Ng3 Be6 20. f5 gxf5 21.
Nxf5 Bxf5 22. Rxf5 Qxe4 23. Qg3+ Kh8 24. Rxf7 Rg8 25. Re1 Rxg3 26. Rxe4 Rag8
27. Re2 b6 28. b4 bxc5 29. bxc5 Rxh3 30. Rxa7 Rh5 31. Rd7 Rxc5 1/2-1/2

[Event "81Âº Campeonato Brasileiro Absoluto - Fase Final 20"]
[Site "Hotel Cabo Branco AtlÃ¢ntico - Joao Pessoa/PB"]
[Date "2015.01.25"]
[Round "11"]
[Board "5"]
[White "El Debs, Felipe De Cresce"]
[Black "Brito, Luismar"]
[Result "1-0"]
[WhiteElo "2512"]
[BlackElo "2254"]
[PlyCount "99"]
[EventDate "2015.01.17"]
[EventRounds "11"]
[EventCountry "BRA"]

1. d4 d5 2. c4 c6 3. Nf3 Nf6 4. Qb3 g6 5. cxd5 cxd5 6. Nc3 Bg7 7. Bf4 O-O 8. e3
Nc6 9. Be2 a6 10. Rc1 Na5 11. Qd1 b5 12. a4 Nh5 13. axb5 Nxf4 14. exf4 Qd6 15.
O-O axb5 16. Ne5 e6 17. Nxb5 Qb6 18. Rc5 Bxe5 19. fxe5 Bd7 20. Nd6 Rfb8 21. Bb5
Bxb5 22. Rxb5 Qa7 23. Qa4 Rxb5 24. Nxb5 Qd7 25. b4 Rb8 26. bxa5 Qxb5 27. Qxb5
Rxb5 28. Ra1 Kf8 29. a6 Rb8 30. a7 Ra8 31. Kf1 Ke7 32. Ke2 Kd7 33. Kd3 Kc7 34.
Kc3 Kb6 35. Kb4 Kb7 36. h4 Kb6 37. g3 Kc6 38. h5 Kb6 39. h6 Kc6 40. f4 Kb6 41.
g4 Kc6 42. Ra6+ Kb7 43. Kb5 Rxa7 44. Rxa7+ Kxa7 45. Kc6 Ka6 46. Kd7 Kb5 47. Ke7
Kc4 48. Kxf7 Kxd4 49. f5 gxf5 50. gxf5 1-0

[Event "81Âº Campeonato Brasileiro Absoluto - Fase Final 20"]
[Site "Hotel Cabo Branco AtlÃ¢ntico - Joao Pessoa/PB"]
[Date "2015.01.25"]
[Round "11"]
[Board "6"]
[White "Macedo, Maximo Iack"]
[Black "Andrade, Roberto Luiz Costa"]
[Result "1/2-1/2"]
[WhiteElo "2323"]
[BlackElo "2216"]
[PlyCount "101"]
[EventDate "2015.01.17"]
[EventRounds "11"]
[EventCountry "BRA"]

1. e4 c5 2. b3 Qc7 3. Bb2 Nc6 4. Nc3 e6 5. Nf3 a6 6. g3 Nf6 7. Bg2 d6 8. O-O
Be7 9. d3 O-O 10. Nh4 Nd4 11. Ne2 Nxe2+ 12. Qxe2 Bd7 13. f4 Bc6 14. Rae1 e5 15.
Nf5 g6 16. fxe5 dxe5 17. Nxe7+ Qxe7 18. Qd2 Nh5 19. Qc3 Rfe8 20. Rf2 Bd7 21.
Ref1 f6 22. Qd2 Rac8 23. Qh6 Qf8 24. Bc1 Qxh6 25. Bxh6 g5 26. Bf3 g4 27. Be2
Rc6 28. Be3 Bc8 29. Kg2 Kg7 30. h3 gxh3+ 31. Kh2 Kg6 32. Bxh5+ Kxh5 33. Rxf6
Rxf6 34. Rxf6 Re6 35. Rf8 Rc6 36. Re8 Be6 37. Re7 b6 38. Rxh7+ Kg4 39. Rxh3 Kf3
40. g4+ Ke2 41. Rg3 Bxg4 42. Bg1 Bf3 43. Rg5 Kd2 44. Rxe5 Kxc2 45. d4 cxd4 46.
Bxd4 Rd6 47. Rd5 Rxd5 48. exd5 Bxd5 49. Bxb6 Kb2 50. a4 Kxb3 51. a5 1/2-1/2